000 00852nam a2200265Ia 4500
003 OSt
005 20220918171309.0
006 a|||||r|||| 00| 0
007 ta
008 220917b |||||||| |||| 00| 0 eng d
020 _a9781472510037 (pbk)
_cUKP 24.99
024 _a318,410
037 _b220, 09/03/2017, Classic Book Service
_cTextual
040 _aARTS
_cARTS
_beng
041 _2eng
_aeng
082 _aV1N4:191, Q7
100 _aSayward Amy L. Au.
_935516
245 0 _aUnited Nations in international history
260 _aLondon
_bBloomsbury UK
_c2017
300 _axviii,306p.
_ccm.
490 _aNew approaches to international history
650 _aINTERNATIONAL ORGANIZATION
_935517
942 _hV1N4:191, Q7
_cTEXL
_2CC
999 _c138850
_d138850